Statistics for Taylor Swift - Snow On The Beach Lyrics

Click here to take the quiz!

General Stats

  • This quiz has been taken 61 times
  • The average score is 309 of 355

Answer Stats

Answer% Correct
a
100%
be
100%
beach
100%
beautiful
100%
But
100%
but
100%
I
100%
in
100%
on
100%
snow
100%
the
100%
we
100%
by
97%
fuckin'
97%
I'm
97%
Like
97%
like
97%
No
97%
so
97%
Weird
97%
And
94%
dream
94%
feels
94%
it?
94%
it
94%
it's
94%
(It's
94%
me
94%
all
91%
at
91%
comin'
91%
do
91%
to
91%
you
91%
You
91%
around
88%
Can
88%
down)
88%
down
88%
impossible
88%
Now
88%
real
88%
Stars
88%
This
88%
this
88%
from
84%
is
84%
saw
84%
Tonight
84%
are
81%
Are
81%
flying
81%
Flying
81%
my
81%
My
81%
One
81%
few
78%
moons
78%
never
78%
once
78%
pocketful
78%
screen
78%
thing?
78%
true
78%
what
78%
ago
75%
can't
75%
falling
75%
for
75%
Janet
75%
night
75%
smile
75%
sound
75%
was
75%
your
75%
don't
72%
even
72%
eyes
72%
fake
72%
make
72%
scene
72%
seen
72%
someone
72%
that
72%
'til
72%
'Til
72%
wanting
72%
won
72%
afraid
69%
another
69%
contest
69%
could've
69%
fine
69%
Life
69%
planet
69%
quite
69%
stop
69%
within
69%
been
66%
did
66%
have
66%
I've
66%
just
66%
of
66%
Passing
66%
time
66%
wish
66%
would
66%
abusive
63%
ah
63%
dare
63%
jinx
63%
searched
63%
thanks
63%
asking
59%
"aurora
59%
out
59%
emotionally
56%
hide
56%
dishonest
53%
lights
53%
might
53%
speak
53%
awful
50%
green"
50%
lit
50%
unglued
50%
Blurring
44%
borealis
44%
saucers
44%
flight
41%
flecks
38%
unbeknownst
38%
periphery
34%

Score Distribution

Percentile by Number Answered

Percent of People with Each Score

Your Score History

You have not taken this quiz